00271nam a2200097Ia 4500008004100000100002600041245004700067260004300114300000800157650000800165191201s2008 xx 000 0 und d aPANDIAN, Punithavathy 0aSecurity Analysis and Portfolio Management aN.DelhibVikas Publication Housec2008 a464 aMBA